Особенности электроснабжения предприятий с тяжёлыми условиями производственной силы; Энергетика: экология, надежность, безопасность

Detalles Bibliográficos
Parent link:Энергетика: экология, надежность, безопасность.— 2005.— С. 44-46.
Autor Principal: Викторенко А. М.
Outros autores: Коптелов Д. А.
Idioma:ruso
Publicado: 2005
Subjects:
Formato: MixedMaterials Capítulo de libro
KOHA link:https://koha.lib.tpu.ru/cgi-bin/koha/opac-detail.pl?biblionumber=92101

MARC

LEADER 00000naa2a2200000 4500
001 92101
005 20231031104516.0
035 |a (RuTPU)RU\TPU\book\98700 
090 |a 92101 
100 |a 20060307d2005 k y0rusy50 ca 
101 0 |a rus 
102 |a RU 
200 1 |a Особенности электроснабжения предприятий с тяжёлыми условиями производственной силы  |f А. М. Викторенко, Д. А. Коптелов 
320 |a Библиогр.: 4 назв. 
463 0 |0 (RuTPU)RU\TPU\book\95229  |t Энергетика: экология, надежность, безопасность  |o материалы докладов одиннадцатой Всероссийской научно-технической конференции, Томск, 7-9 декабря 2005 г.  |f Томский политехнический университет; Российский фонд фундаментальных исследований; Международная энергетическая академия; Международная академия наук экологии и безопасности жизнедеятельности; Энергетика: экология, надежность, безопасность, Всероссийская научно-техническая конференция  |v С. 44-46.  |d 2005  |p 542 с. 
610 1 |a электроснабжение 
610 1 |a предприятия 
610 1 |a кокс 
610 1 |a коксохимическое производство 
610 1 |a металлургические заводы 
610 1 |a условия труда 
610 1 |a осветительные сети 
610 1 |a труды учёных ТПУ 
700 1 |a Викторенко  |b А. М. 
701 1 |a Коптелов  |b Д. А. 
801 1 |a RU  |b 63413507  |c 20060307  |g PSBO 
942 |c BK